Satwaan Dar (Record no. 530809)
[ view plain ]
| 000 -LEADER | |
|---|---|
| fixed length control field | 00199nam a2200097 4500 |
| 040 ## - CATALOGING SOURCE | |
| Transcribing agency | DLC |
| 082 ## - DEWEY DECIMAL CLASSIFICATION NUMBER | |
| Classification number | 891.4391 |
| Author Mark | AMJ |
| 100 ## - MAIN ENTRY--PERSONAL NAME | |
| Personal name | Amjad Islam Amjad |
| 9 (RLIN) | 9447 |
| 245 ## - TITLE STATEMENT | |
| Title | Satwaan Dar |
| 942 ## - ADDED ENTRY ELEMENTS (KOHA) | |
| Source of classification or shelving scheme | |
| Koha item type | Book |
| Withdrawn status | Lost status | Source of classification or shelving scheme | Damaged status | Not for loan | Permanent Location | Current Location | Date acquired | Total Checkouts | Full call number | Barcode | Date last seen | Date last checked out | Price effective from | Koha item type |
|---|---|---|---|---|---|---|---|---|---|---|---|---|---|---|
| School of Civil and Environmental Engineering (SCEE) | School of Civil and Environmental Engineering (SCEE) | 10/14/2019 | 1 | 891.4391 AMJ | NIT-9620 | 10/29/2019 | 10/14/2019 | 10/14/2019 | Book |
